000 00607nam a2200229Ia 4500
003 OSt
005 20221007071800.0
006 a|||||r|||| 00| 0
007 ta
008 221006b |||||||| |||| 00| 0 eng d
024 _a10,684
037 _cTextual
040 _aFLL
_cFLL
_beng
041 _2eng
_aeng
082 _aQ6:3:Z3, L3
100 _aAnderson Norman Au.
_9689420
245 0 _aLawyer among the theologians
260 _aLondon
_bHodder pub. London
_c1973
300 _a240p
_ccm.
942 _hQ6:3:Z3, L3
_cTEXL
_2CC
999 _c1144315
_d1144315